Statistics for Asian Geography by Letter - G

Click here to take the quiz!

General Stats

  • This quiz has been taken 19,977 times
  • The average score is 11 of 18

Answer Stats

HintAnswer% Correct
Chinese defensive barrier against
the barbarian hordes
Great Wall
93%
What Qatar juts intoPersian {Gulf}
92%
Hinduism's holiest riverGanges
90%
Desert in China and MongoliaGobi
88%
Country in the CaucasusGeorgia
86%
Palestinian territoryGaza
81%
Traditional Japanese hostessGeisha
78%
Term for a Soviet prison campGulag
74%
Capital of the above, formerly
called Canton
Guangzhou
56%
Area that Israel captured from Syria{Golan} Heights
55%
Freshwater "sea" in Israel where
Jesus is said to have walked
Galilee
55%
Hindu deity depicted as an elephantGanesha
48%
Nepalese soldierGurkha
44%
Country that once controlled the
city of Tsingtao
Germany
31%
State on the northwest coast of IndiaGujarat
23%
China's most populous provinceGuangdong
22%
World's largest canal, in China{Grand} Canal
21%
Turkey's 6th largest city - continuously
inhabited for at least 3,000 years
Gaziantep
13%

Score Distribution

Percentile by Number Answered

Percent of People with Each Score

Your Score History

You have not taken this quiz